000 00686cam a2200253 4500500
005 20260329004717.0
041 _afre
042 _adc
100 1 0 _aNathan, Tobie
_eauthor
245 0 0 _aGaz hilarant. Mourir de rire ?
260 _c2020.
500 _a19
690 _aChrysippe
690 _aDélire
690 _aDrogue
690 _aDrogues
690 _aMarx
690 _aMysticisme
690 _aRire
690 _aTobie Nathan
690 _aWilliam James
786 0 _nPhilosophie magazine | 145 | 1 | 2020-12-01 | p. 23-25 | 1951-1787
856 4 1 _uhttps://shs.cairn.info/magazine-philosophie-magazine-2020-12-1-page-23?lang=fr&redirect-ssocas=7080
999 _c1836512
_d1836512